000 00750nam a2200217Ia 4500
003 GCL
008 140319s9999 xx 000 0 ara d
040 _aGCL /
_cGCL
082 0 4 _a306
_bح ف
100 1 _aحسن حنفى
245 1 0 _aفى الثقافة السياسية :
_bاراء حول ازمة الفكر والممارسة فى الوطن العربى /
_cحسن حنفى
250 _aالاولى
260 _aسوريا :
_bدار علاءالدين ،
_c1998
300 _a356 ص ؛
_c24 سم
650 0 4 _aالوطن العربى
650 0 4 _aالسياسة
650 0 4 _aالثقافة العربية
650 0 4 _aالثقافة السياسية
650 0 4 _aالثقافة - العالم العربى
942 _2ddc
_cBK
999 _c6731
_d6731